[Event "?"]
[Site "?"]
[Date "????.??.??"]
[Round "?"]
[White "Charles, Freddy"]
[Black "Koopmeiners, Karl"]
[Result "0-1"]
[WhiteElo "1820"]
[BlackElo "1955"]
[Annotator "4-38"]
[PlyCount "116"]
[EventDate "2004.08.11"]
[SourceDate "2004.08.11"]

1. d4 d5 2. Nf3 c6 3. Bf4 Qb6 4. Qc1 Bg4 5. Ne5 Bf5 6. e3 f6 7. Nf3 g5 8. Bxb8
Rxb8 9. Be2 e6 10. Nbd2 h5 11. a3 Nh6 12. c4 Nf7 13. Qc3 Be7 14. b4 Qd8 15. Rc1
dxc4 16. Bxc4 Nd6 17. Bd3 Bxd3 18. Qxd3 Kf7 19. Nc4 Nxc4 20. Qxc4 a5 21. Nd2
axb4 22. axb4 Qb6 23. Rb1 Ra8 24. b5 c5 25. d5 Rhd8 26. dxe6+ Qxe6 27. Qc2 Kg7
28. O-O Ra2 29. Rb2 Rxb2 30. Qxb2 h4 31. Nf3 Qd5 32. h3 Kh6 33. e4 Qxe4 34. Re1
Qh7 35. Qe2 Bf8 36. Qe3 Qd3 37. Qe6 Qd6 38. Qe3 Kg7 39. Nxg5 fxg5 40. Qxg5+ Kf7
41. Qxh4 Qf6 42. Qh7+ Bg7 43. Qh5+ Kg8 44. Qxc5 Qd4 45. Qe7 Rf8 46. Re3 Qf6 47.
f3 Qxe7 48. Rxe7 b6 49. Re4 Ra8 50. Rb4 Ra2 51. Rg4 Kf7 52. Rg5 Rb2 53. h4 Rb4
54. h5 Bd4+ 55. Kh2 Bc5 56. Kh3 Rxb5 57. h6 Ra5 58. g4 Bf8 0-1

[Event "?"]
[Site "?"]
[Date "????.??.??"]
[Round "?"]
[White "Ranario, Dan"]
[Black "Vercauteren, Daniel"]
[Result "1/2-1/2"]
[WhiteElo "2004"]
[BlackElo "1669"]
[Annotator "4-34"]
[PlyCount "91"]
[EventDate "2004.08.11"]
[SourceDate "2004.08.11"]

1. Nf3 Nf6 2. b3 g6 3. Bb2 Bg7 4. g3 O-O 5. Bg2 d6 6. O-O e5 7. d3 Nc6 8. Nbd2
Rb8 9. c4 Bd7 10. Rc1 b6 11. d4 exd4 12. Nxd4 Nxd4 13. Bxd4 Re8 14. Re1 Re7 15.
Ba1 Qe8 16. e3 Bc6 17. Nf3 Be4 18. Nd4 Bxg2 19. Kxg2 a6 20. b4 c5 21. bxc5 dxc5
22. Nf3 Rd8 23. Qb3 Qc6 24. Rb1 Re6 25. Red1 Red6 26. Rxd6 Rxd6 27. Rd1 Rxd1
28. Qxd1 Qd7 29. Qc2 Qc6 30. Qd3 Qd7 31. Qa3 Qb7 32. Qa4 Nd7 33. Bxg7 Kxg7 34.
Qd1 Ne5 35. Qd5 Qxd5 36. cxd5 Kf6 37. Nxe5 Kxe5 38. e4 c4 39. Kf1 b5 40. Ke2 b4
41. Ke3 c3 42. Kd3 a5 43. Kc2 f5 44. f3 fxe4 45. fxe4 h5 46. h4 1/2-1/2

[Event "?"]
[Site "?"]
[Date "????.??.??"]
[Round "?"]
[White "Nilsson, Erik"]
[Black "Cheung, Jan"]
[Result "1/2-1/2"]
[WhiteElo "2175"]
[BlackElo "2100"]
[Annotator "5-16"]
[PlyCount "25"]
[EventDate "2004.08.12"]

1. d4 Nf6 2. c4 e6 3. g3 c5 4. d5 exd5 5. cxd5 d6 6. Nc3 g6 7. Bg2 Bg7 8. Nf3
O-O 9. O-O a6 10. a4 Nbd7 11. Nd2 Re8 12. Nc4 Ne5 13. Na3 1/2-1/2

[Event "?"]
[Site "?"]
[Date "????.??.??"]
[Round "?"]
[White "Victoria, Narciso"]
[Black "Vea, Odin Blikra"]
[Result "1-0"]
[WhiteElo "2192"]
[BlackElo "2057"]
[Annotator "5-21"]
[PlyCount "87"]
[EventDate "2004.08.12"]

1. c4 f5 2. Nc3 Nf6 3. g3 Nc6 4. Bg2 e5 5. d3 Bb4 6. Bd2 O-O 7. e3 e4 8. d4 d5
9. cxd5 Nxd5 10. Nge2 Be6 11. O-O Bxc3 12. Bxc3 Nxc3 13. bxc3 Bc4 14. Re1 Ne7
15. f3 Nd5 16. Qd2 Nf6 17. fxe4 Nxe4 18. Bxe4 fxe4 19. Rf1 Qg5 20. Rf4 Rxf4 21.
Nxf4 Qg4 22. d5 g5 23. Ne6 Bd3 24. c4 Qf3 25. Re1 Qf6 26. Qb4 b6 27. Rc1 Qf3
28. Qd2 Re8 29. Qf2 Qxf2+ 30. Kxf2 Rxe6 31. dxe6 Kf8 32. c5 b5 33. c6 Bc4 34.
a4 a6 35. axb5 axb5 36. Ra1 Ke7 37. Ra7 Kd6 38. Rb7 Bxe6 39. Rxb5 Bd5 40. Rb8
h5 41. Rh8 Bf7 42. Rh6+ Ke5 43. Ke1 Kf5 44. h3 1-0

[Event "?"]
[Site "?"]
[Date "????.??.??"]
[Round "?"]
[White "Vercauteren, Daniel"]
[Black "McInnes, Neil"]
[Result "1/2-1/2"]
[WhiteElo "1669"]
[BlackElo "1880"]
[Annotator "5-32"]
[PlyCount "36"]
[EventDate "2004.08.12"]

1. e4 d6 2. d4 Nf6 3. Nc3 g6 4. f4 Bg7 5. Nf3 c5 6. Be2 cxd4 7. Nxd4 O-O 8. Rb1
Nc6 9. Nxc6 bxc6 10. O-O Qb6+ 11. Kh1 Ng4 12. Bxg4 Bxc3 13. Bxc8 Rfxc8 14. Rf3
Bg7 15. Be3 Qb4 16. Qd3 c5 17. c4 Qa4 18. f5 Qc6 1/2-1/2

[Event "?"]
[Site "?"]
[Date "????.??.??"]
[Round "?"]
[White "Adkins, James"]
[Black "Grapulli, Giuseppe"]
[Result "1/2-1/2"]
[WhiteElo "1944"]
[BlackElo "1970"]
[Annotator "5-36"]
[PlyCount "68"]
[EventDate "2004.08.12"]

1. f4 Nf6 2. b3 g6 3. Bb2 Bg7 4. Nf3 O-O 5. e3 c5 6. Be2 Nc6 7. O-O b6 8. h3
Bb7 9. d3 d5 10. Nbd2 d4 11. e4 Nh5 12. Nh2 Ng3 13. Rf3 Nxe2+ 14. Qxe2 Nb4 15.
Ndf1 f5 16. Ng3 a5 17. a3 Na6 18. Rf2 e6 19. Re1 Nc7 20. a4 Re8 21. Nf3 Qd6 22.
Bc1 b5 23. axb5 Qb6 24. Nd2 Qxb5 25. Nc4 Bf8 26. Bd2 a4 27. bxa4 Rxa4 28. Rff1
Qa6 29. Rb1 Ra2 30. Rb6 Qa8 31. Rfb1 Bc6 32. R6b2 Rxb2 33. Rxb2 Rb8 34. Rxb8
Qxb8 1/2-1/2

[Event "?"]
[Site "?"]
[Date "????.??.??"]
[Round "?"]
[White "Smith, Bryan"]
[Black "Adolfssen, Rico"]
[Result "0-1"]
[WhiteElo "1400"]
[BlackElo "1707"]
[Annotator "5-38"]
[PlyCount "74"]

1. c4 e5 2. Nc3 Nf6 3. Nf3 Nc6 4. e3 Bb4 5. Qc2 O-O 6. a3 Bxc3 7. Qxc3 d6 8. d3
h6 9. Be2 Bg4 10. Qc2 Re8 11. e4 Nh5 12. g3 Nf6 13. Be3 Bh5 14. h3 a5 15. g4
Bg6 16. b3 Nh7 17. Qd2 Nf8 18. h4 h5 19. g5 Ne6 20. Rh3 Qd7 21. Rg3 Rab8 22.
Rc1 b6 23. b4 axb4 24. axb4 Ra8 25. b5 Na5 26. Qd1 Nb7 27. Nd2 Nbc5 28. Nb1 Nd4
29. Bxd4 exd4 30. Bxh5 Nxe4 31. dxe4 Rxe4+ 32. Be2 Rae8 33. Rc2 Rxh4 34. Rg1 d3
35. Rd2 dxe2 36. Rxe2 Rxe2+ 37. Kxe2 Bh5+ 0-1

[Event "?"]
[Site "?"]
[Date "????.??.??"]
[Round "?"]
[White "L'Henoret, Thierru"]
[Black "Bieluszewski, Piotr"]
[Result "1-0"]
[WhiteElo "2094"]
[BlackElo "2169"]
[Annotator "5-17"]
[PlyCount "87"]

1. d4 d5 2. Nf3 Nf6 3. e3 e6 4. Bd3 Nbd7 5. Nbd2 c5 6. c3 Bd6 7. e4 e5 8. exd5
cxd4 9. cxd4 O-O 10. O-O exd4 11. Re1 Nc5 12. Bc4 Bg4 13. h3 Bh5 14. g4 Bg6 15.
Nxd4 Nd3 16. Bxd3 Bxd3 17. Qb3 Ba6 18. Ne4 Nxe4 19. Rxe4 Rc8 20. Nf5 Rc5 21.
Be3 Rb5 22. Qc3 f6 23. Nxd6 Qxd6 24. Rd1 b6 25. Bf4 Qd7 26. d6 Rc5 27. Qb3+ Kh8
28. Re7 Qd8 29. Rxa7 Bc4 30. Qe3 Bf7 31. Qe7 Kg8 32. Rb7 Rc4 33. Be3 Rc6 34.
Qxd8 Rxd8 35. Rxb6 Rxb6 36. Bxb6 Rd7 37. a4 Bb3 38. Rd4 Kf7 39. a5 Be6 40. Bc7
Bd5 41. a6 Bf3 42. a7 Rxc7 43. dxc7 Bb7 44. Rb4 1-0

[Event "?"]
[Site "?"]
[Date "????.??.??"]
[Round "?"]
[White "Cooper, Lawrence"]
[Black "Csolto, Robert"]
[Result "1/2-1/2"]
[WhiteElo "2315"]
[BlackElo "2348"]
[Annotator "5-02"]
[PlyCount "99"]

1. e4 c5 2. Nf3 d6 3. d4 cxd4 4. Nxd4 Nf6 5. Nc3 a6 6. Be2 e6 7. O-O Be7 8. f4
Qc7 9. a4 Nc6 10. Be3 O-O 11. Qe1 Re8 12. Kh1 Nb4 13. Qg3 Bf8 14. e5 Nd7 15.
Ne4 dxe5 16. fxe5 Nd5 17. Nd6 Nxe3 18. Rxf7 Qc5 19. Rxd7 Qxd4 20. Nxe8 Bxd7 21.
Nf6+ Kh8 22. Nxd7 Qxb2 23. Rg1 Qd4 24. Qf3 Qxd7 25. Qxe3 Qxa4 26. Qh3 Bc5 27.
Bd3 h6 28. Rd1 Qe8 29. Qf3 b6 30. Qe4 Qg8 31. Ra1 a5 32. Bc4 Ra7 33. Bd3 Rd7
34. Qg6 Rd4 35. Rf1 a4 36. c3 Rd8 37. Bc4 Re8 38. Rf7 Rd8 39. Rf1 Rf8 40. Ra1
a3 41. Bxe6 Qh7 42. Qxh7+ Kxh7 43. Bc4 Rf2 44. Ra2 b5 45. Bd3+ Kg8 46. Rxf2
Bxf2 47. Bxb5 Be1 48. Bc4+ Kf8 49. Kg1 Ke7 50. e6 1/2-1/2

[Event "?"]
[Site "?"]
[Date "????.??.??"]
[Round "?"]
[White "Leblanc, Paul"]
[Black "Celen, Gazi"]
[Result "1-0"]
[WhiteElo "1884"]
[BlackElo "2119"]
[Annotator "5-23"]
[PlyCount "117"]

1. d4 Nf6 2. g3 g6 3. Bg2 Bg7 4. Nf3 O-O 5. c4 d6 6. O-O c5 7. d5 Na6 8. Nc3
Bd7 9. Ne1 Nc7 10. e4 Rb8 11. Nc2 a6 12. Rb1 b5 13. Ne3 Na8 14. Bd2 Nb6 15. b3
b4 16. Ne2 a5 17. Bc1 a4 18. Bb2 Ra8 19. Nc1 axb3 20. axb3 Ne8 21. Bxg7 Kxg7
22. f4 Qc7 23. Nd3 f6 24. e5 f5 25. Qc2 Kg8 26. Qb2 Ng7 27. e6 Bc8 28. Ne1 Bb7
29. Nf3 h6 30. Bh3 Nh5 31. Nh4 Kh7 32. Qc2 Ng7 33. g4 Nxe6 34. dxe6 Be4 35. Qb2
fxg4 36. Bxg4 d5 37. f5 g5 38. Ng6 Rfd8 39. Rbd1 d4 40. Ng2 Ra3 41. Rde1 Bb7
42. Ne5 Rda8 43. Rf2 Kg7 44. Qc2 Kf6 45. Nf7 Nc8 46. Nxh6 Nd6 47. Bh5 Be4 48.
Ng4+ Kg7 49. Rxe4 Nxe4 50. Qxe4 Ra1+ 51. Ne1 Rxe1+ 52. Qxe1 Rh8 53. Bf7 Rh4 54.
Qe5+ Qxe5 55. Nxe5 Rh3 56. Rf3 Rxf3 57. Nxf3 Kf6 58. Bg6 g4 59. Nd2 1-0

[Event "?"]
[Site "?"]
[Date "????.??.??"]
[Round "?"]
[White "Capezza, Marco"]
[Black "Parisse, Denis"]
[Result "1-0"]
[WhiteElo "2121"]
[BlackElo "1960"]
[Annotator "5-28"]
[PlyCount "99"]

1. d4 Nf6 2. Nf3 g6 3. c4 Bg7 4. Nc3 d6 5. e4 O-O 6. Be2 Nbd7 7. O-O e5 8. Re1
Re8 9. Bf1 exd4 10. Nxd4 Nc5 11. f3 a5 12. Be3 b6 13. Qd2 Bb7 14. Rad1 Nfd7 15.
Ndb5 Nf8 16. g3 Nfe6 17. Bg2 Qe7 18. Nd5 Qd7 19. Bh3 Qc6 20. Kg2 Na6 21. b3
Rad8 22. Bh6 Bh8 23. f4 Ba8 24. Bg4 Qb7 25. Nbc3 c6 26. Ne3 Nd4 27. Nc2 c5 28.
Nd5 Nc7 29. Nxd4 Bxd4 30. h4 Ne6 31. f5 Nc7 32. Bg5 Nxd5 33. exd5 f6 34. Be3
Be5 35. fxg6 hxg6 36. Kh3 Qg7 37. Be6+ Kh8 38. Rf1 Bb7 39. Rf2 Bc8 40. Bxc8
Rxc8 41. Rdf1 Kh7 42. Qd3 Kh8 43. g4 Kg8 44. Bf4 g5 45. Bg3 Bxg3 46. Rxf6 Bxh4
47. Rg6 Bf2 48. Kg2 Bd4 49. Rxg7+ Kxg7 50. Qf5 1-0

[Event "?"]
[Site "?"]
[Date "????.??.??"]
[Round "?"]
[White "Geerts, Luc"]
[Black "Wagenaar, Harm-Theo"]
[Result "0-1"]
[WhiteElo "1573"]
[BlackElo "2130"]
[Annotator "5-34"]
[PlyCount "54"]
[EventDate "2004.08.12"]

1. d4 d5 2. c4 e6 3. Nc3 Nf6 4. cxd5 exd5 5. Nf3 c6 6. g3 Be7 7. Bg2 O-O 8. O-O
Re8 9. Re1 Nbd7 10. Ng5 h6 11. Nf3 Nf8 12. e4 dxe4 13. Nxe4 Nxe4 14. Rxe4 Be6
15. a3 Bf6 16. Bf4 Qb6 17. b4 Rad8 18. Be5 Nd7 19. Bxf6 Nxf6 20. Rf4 Nd5 21.
Rh4 a5 22. bxa5 Qxa5 23. Qd3 Nf6 24. Rb1 Bf5 25. Qc4 Bxb1 26. Ne5 Qe1+ 27. Bf1
Rxe5 0-1

[Event "?"]
[Site "?"]
[Date "????.??.??"]
[Round "?"]
[White "van de Walle, Rob"]
[Black "Ranario, Dan"]
[Result "0-1"]
[WhiteElo "1935"]
[BlackElo "2004"]
[Annotator "5-31"]
[PlyCount "54"]
[EventDate "2004.08.12"]

1. d4 Nf6 2. c4 e6 3. Nc3 d5 4. Nf3 Nbd7 5. e3 Bb4 6. Bd3 dxc4 7. Bxc4 b6 8.
O-O Bb7 9. Ne1 O-O 10. Nc2 Bxc3 11. bxc3 Ne4 12. f3 Nxc3 13. Qe1 Nd5 14. e4 Ne7
15. Bg5 h6 16. Be3 Ng6 17. Qg3 Kh7 18. Rfd1 Rc8 19. Qf2 Qh4 20. g3 Qe7 21. h4
c5 22. h5 Nh8 23. Rac1 f5 24. exf5 exf5 25. Bf4 Nf7 26. Re1 Qd8 27. Rcd1 Ng5
0-1

[Event "?"]
[Site "?"]
[Date "????.??.??"]
[Round "?"]
[White "Alaslar , Devrim"]
[Black "van Zandwijk, Jan Peter"]
[Result "1-0"]
[WhiteElo "2051"]
[BlackElo "2256"]
[Annotator "5-20"]
[PlyCount "75"]
[EventDate "2004.08.12"]

1. e4 Nf6 2. e5 Nd5 3. d4 d6 4. Nf3 dxe5 5. Nxe5 c6 6. c4 Nb4 7. Be3 Bf5 8. Nd3
e5 9. Nxb4 Bxb4+ 10. Nc3 Qa5 11. Rc1 exd4 12. Qxd4 O-O 13. a3 Be7 14. Be2 Nd7
15. Qf4 Bg6 16. O-O Bf6 17. Rfd1 Be5 18. Qg5 f6 19. Qg4 f5 20. Qg5 Qc7 21. f4
Bf6 22. Qg3 Rfe8 23. c5 Rad8 24. Bc4+ Kh8 25. b4 Nf8 26. Bf2 Ne6 27. Rxd8 Qxd8
28. Rd1 Qc7 29. Rd6 Nxf4 30. Qxf4 Bxc3 31. Qf3 Be5 32. Rxg6 Bxh2+ 33. Kh1 Qf4
34. Qxf4 Bxf4 35. Re6 Rd8 36. g3 Bc1 37. Rd6 Re8 38. Rd7 1-0

[Event "?"]
[Site "?"]
[Date "????.??.??"]
[Round "?"]
[White "Daler, Neset"]
[Black "Kocur, Marc"]
[Result "0-1"]
[WhiteElo "2068"]
[BlackElo "2013"]
[Annotator "5-25"]
[PlyCount "80"]
[EventDate "2004.08.12"]

1. d4 e5 2. dxe5 Nc6 3. Nf3 Nge7 4. Bg5 h6 5. Bh4 g5 6. Bg3 Bg7 7. e4 Ng6 8.
Nc3 Ngxe5 9. Nxe5 Bxe5 10. Bc4 d6 11. Qh5 Bxc3+ 12. bxc3 Qf6 13. O-O Ne5 14.
Bxe5 dxe5 15. Rfd1 Be6 16. Bxe6 Qxe6 17. Rab1 b6 18. Rb3 Ke7 19. Qe2 Rad8 20.
Rd3 c5 21. c4 Rd4 22. Rxd4 exd4 23. Ra3 a5 24. Rf3 Re8 25. Rf5 Kd7 26. Qd3 Qxf5
27. exf5 Re1+ 28. Qf1 Rxf1+ 29. Kxf1 a4 30. Ke2 Kc6 31. g4 b5 32. Kd3 b4 33.
Ke4 Kb6 34. Kd3 Kc7 35. Ke4 Kd6 36. h3 f6 37. f3 a3 38. f4 gxf4 39. h4 f3 40.
Kxf3 d3 0-1

[Event "?"]
[Site "?"]
[Date "????.??.??"]
[Round "?"]
[White "Nielsen, Henrik Lindholt"]
[Black "Kovarcik, Thomas"]
[Result "0-1"]
[WhiteElo "2028"]
[BlackElo "2222"]
[Annotator "5-11"]
[PlyCount "104"]
[EventDate "2004.08.12"]

1. d4 d5 2. Nf3 Nf6 3. Bf4 c5 4. e3 Qb6 5. Nc3 c4 6. Rb1 Bg4 7. Be2 e6 8. a3
Nc6 9. h3 Bh5 10. O-O Qa5 11. Ne5 Bxe2 12. Qxe2 Be7 13. Rfd1 O-O 14. e4 Rfe8
15. Nf3 b5 16. e5 Nd7 17. Re1 b4 18. axb4 Bxb4 19. Ra1 Qb6 20. Qe3 a5 21. Na4
Qc7 22. c3 Bf8 23. Nh2 Reb8 24. Qg3 Rb3 25. Ng4 Kh8 26. Re3 Ne7 27. Qh2 Nf5 28.
Rf3 Nb6 29. Nxb6 Rxb6 30. Bc1 a4 31. Qf4 Nh4 32. Rg3 Ng6 33. Qg5 Be7 34. Qh5
Qb7 35. Bh6 gxh6 36. Qxh6 Bf8 37. Qh5 Bg7 38. Nf6 Bxf6 39. exf6 Qb8 40. Qh6 Qf8
41. Qd2 Qd6 42. Qh6 Qf8 43. Qd2 Rb3 44. Rg4 a3 45. bxa3 Raxa3 46. Rxa3 Rxa3 47.
h4 Ra1+ 48. Kh2 Qb8+ 49. Rg3 Qb1 50. Kh3 Qh1+ 51. Kg4 Qxh4+ 52. Kf3 Qe4# 0-1

[Event "?"]
[Site "?"]
[Date "????.??.??"]
[Round "?"]
[White "Bon, Michael"]
[Black "Toll, Alec"]
[Result "1-0"]
[WhiteElo "2163"]
[BlackElo "2091"]
[Annotator "5-08"]
[PlyCount "70"]
[EventDate "2004.08.12"]

1. e4 b6 2. d4 Bb7 3. Bd3 e6 4. Qe2 d6 5. f4 Nd7 6. Nf3 g6 7. O-O Bg7 8. c3 Ne7
9. f5 e5 10. fxg6 f6 11. dxe5 dxe5 12. gxh7 Rxh7 13. Bc4 Bh6 14. Bxh6 Rxh6 15.
Ng5 fxg5 16. Bf7+ Kf8 17. Bd5+ Nf6 18. Bxb7 Rb8 19. Ba6 Kg7 20. Bd3 Qd7 21. Bb5
Qd6 22. g3 Rbh8 23. Rf2 c6 24. Bc4 b5 25. Bb3 Qc5 26. Kf1 Nc8 27. Nd2 Nd6 28.
Rd1 Rf8 29. Ke1 Rxh2 (29... b4 $1) 30. Rxh2 Qg1+ 31. Nf1 Nfxe4 32. Rxd6 Rxf1+
33. Qxf1 Qe3+ 34. Kd1 Nxc3+ 35. bxc3 Qd2+ 1-0

[Event "?"]
[Site "?"]
[Date "????.??.??"]
[Round "?"]
[White "Olesen, Michael Jacob"]
[Black "Moen, Steinar"]
[Result "1/2-1/2"]
[WhiteElo "1845"]
[BlackElo "2181"]
[Annotator "5-15"]
[PlyCount "55"]
[EventDate "2004.08.12"]

1. d4 Nf6 2. c4 e6 3. Nc3 d5 4. g3 c6 5. Bg2 Nbd7 6. Nf3 Be7 7. O-O O-O 8. Qc2
b6 9. b3 Bb7 10. Rd1 Rc8 11. e4 c5 12. exd5 exd5 13. dxc5 dxc4 14. cxb6 cxb3
15. Qxb3 Qxb6 16. Bb2 Rfe8 17. Qxb6 Nxb6 18. Ne5 Bxg2 19. Kxg2 Bb4 20. Nb5 Rc5
21. Nd3 Rxb5 22. a4 Rd5 23. Nxb4 Rxd1 24. Rxd1 Ne4 25. Re1 Nxa4 26. Bd4 Nb6 27.
Nc6 Nc8 28. Nxa7 1/2-1/2

[Event "?"]
[Site "?"]
[Date "????.??.??"]
[Round "?"]
[White "Zengin, Sedat"]
[Black "Horvath, Milos"]
[Result "1-0"]
[WhiteElo "2085"]
[BlackElo "1735"]
[Annotator "5-26"]
[PlyCount "87"]

1. e4 e5 2. Nf3 Nc6 3. Bb5 Bc5 4. O-O d6 5. c3 Bg4 6. d4 Bxf3 7. Qxf3 exd4 8.
e5 d5 9. Qg4 Kf8 10. Bxc6 bxc6 11. cxd4 Bb6 12. b3 Ne7 13. Ba3 Kg8 14. e6 f6
15. Nd2 h5 16. Qf4 Ng6 17. Qf5 Qe8 18. Nf3 Ne7 19. Qf4 Ng6 20. Qf5 Ne7 21. Qd3
Qg6 22. Qxg6 Nxg6 23. Rac1 Re8 24. Rxc6 Ne7 25. Bxe7 Rxe7 26. Nh4 Kh7 27. Nf5
Ree8 28. Re1 Kg6 29. Ne3 Bxd4 30. Nxd5 Be5 31. f4 Bd4+ 32. Kf1 Kf5 33. Nxc7 Re7
34. Nd5 Rhe8 35. Nxe7+ Rxe7 36. g3 h4 37. Kg2 g5 38. Rd1 Bb6 39. Rd5+ Ke4 40.
Rd7 Re8 41. fxg5 fxg5 42. a4 Kf5 43. a5 Bxa5 44. Rd5+ 1-0

[Event "?"]
[Site "?"]
[Date "????.??.??"]
[Round "?"]
[White "Nill, Oliver"]
[Black "Marek, Mariusz"]
[Result "0-1"]
[WhiteElo "2212"]
[BlackElo "2155"]
[Annotator "5-05"]
[PlyCount "78"]

1. c4 f5 2. Nc3 g6 3. g3 Nf6 4. Bg2 Bg7 5. Nf3 O-O 6. O-O d6 7. d4 Nc6 8. Rb1
e5 9. d5 Ne7 10. b4 h6 11. Qb3 g5 12. c5 Ng6 13. Nd2 Qe7 14. Ba3 e4 15. Nc4 Ne8
16. cxd6 cxd6 17. b5 Ne5 18. Nxe5 Bxe5 19. Bb2 Nf6 20. f3 exf3 21. exf3 f4 22.
gxf4 Bxf4 23. Ne4 Nd7 24. Bh3 Nc5 25. Nxc5 Qe2 26. Bg2 Bh3 27. Rf2 Be3 28. Ne4
Rxf3 29. Qxe3 Qxe3 30. Bxf3 Bf5 31. Nf6+ Kf7 32. Rc1 Rc8 33. Rxc8 Bxc8 34. Bg2
Ke7 35. Bf1 g4 36. Kg2 Kd8 37. Kg1 g3 38. hxg3 Qxg3+ 39. Rg2 Qe3+ 0-1

[Event "?"]
[Site "?"]
[Date "????.??.??"]
[Round "?"]
[White "Prostler, Andre"]
[Black "Hammond, Anrew"]
[Result "0-1"]
[WhiteElo "1953"]
[BlackElo "2210"]
[Annotator "5-12"]
[PlyCount "80"]

1. e4 c5 2. Nf3 e6 3. d4 cxd4 4. Nxd4 Nc6 5. Nc3 a6 6. g3 Nge7 7. Nb3 d6 8. Bg2
Bd7 9. O-O Nc8 10. a4 b6 11. Be3 Be7 12. f4 O-O 13. Qe2 Qc7 14. g4 Na5 15. Nxa5
bxa5 16. f5 Rb8 17. Rab1 Nb6 18. g5 Rfe8 19. g6 hxg6 20. fxg6 fxg6 21. Qg4 Nc4
22. Qxg6 Ne5 23. Qg3 Qd8 24. Bh3 Bh4 25. Qg2 Bf6 26. Ne2 Bxa4 27. b3 Bb5 28. c4
Bd7 29. Kh1 a4 30. Nf4 Qe7 31. Nh5 Rf8 32. Bh6 Rxb3 33. Rbd1 Rxh3 34. Bxg7 Bxg7
35. Nxg7 Qxg7 36. Qxh3 Rxf1+ 37. Rxf1 Ng4 38. Qg3 e5 39. h3 Qh6 40. Qh2 Nxh2
0-1

[Event "?"]
[Site "?"]
[Date "????.??.??"]
[Round "?"]
[White "Wantiez, Fabrice"]
[Black "Lillevold, Frode"]
[Result "1/2-1/2"]
[WhiteElo "2207"]
[BlackElo "2097"]
[Annotator "5-18"]
[PlyCount "104"]

1. e4 d6 2. d4 Nf6 3. Nc3 g6 4. f4 Bg7 5. a3 O-O 6. Nf3 Nc6 7. Be2 d5 8. exd5
Nxd5 9. Nxd5 Qxd5 10. c3 Bf5 11. O-O Rad8 12. Qe1 Na5 13. Nd2 c5 14. Bf3 Qd6
15. b4 cxb4 16. axb4 Bxd4+ 17. cxd4 Qxd4+ 18. Qf2 Qxa1 19. bxa5 Qxa5 20. Bxb7
Qb6 21. Qxb6 axb6 22. Nf3 Rb8 23. Bd5 Rfd8 24. Bb3 Rd3 25. Bc4 Rc3 26. Ne5 Rxc4
27. Nxc4 Bd3 28. Ne5 Bxf1 29. Kxf1 Rc8 30. Bd2 f6 31. Nd3 Kf7 32. Ke2 Ke6 33.
Nb4 b5 34. Kd3 Kf5 35. Nc2 e5 36. Ne3+ Ke6 37. fxe5 Kxe5 38. Bc3+ Ke6 39. Nc2
Rb8 40. g4 h5 41. h3 hxg4 42. hxg4 Rh8 43. Nd4+ Kd5 44. Nxb5 Rh3+ 45. Kd2 Ke4
46. Bxf6 g5 47. Bxg5 Kf3 48. Nd4+ Kxg4 49. Bf6 Kf4 50. Bd8 Ke4 51. Bf6 Rd3+ 52.
Kc2 Rxd4 1/2-1/2

[Event "?"]
[Site "?"]
[Date "????.??.??"]
[Round "?"]
[White "So, Kam"]
[Black "O'Neill, Steve"]
[Result "1-0"]
[WhiteElo "1666"]
[BlackElo "1320"]
[Annotator "5-39"]
[PlyCount "47"]
[EventDate "2004.08.12"]

1. e4 e5 2. f4 exf4 3. Nf3 d5 4. exd5 Qxd5 5. Nc3 Qh5 6. Be2 Bg4 7. O-O Nc6 8.
h3 Bxh3 9. gxh3 Qxh3 10. Rf2 Qd7 11. Bb5 Bd6 12. Ne4 O-O-O 13. d4 Qf5 14. Bxc6
bxc6 15. Qd3 Qb5 16. c4 Qa6 17. Nxd6+ cxd6 18. Bxf4 h6 19. Qf5+ Rd7 20. Bxd6
Qxc4 21. Rc2 Qe6 22. Rxc6+ Kd8 23. Qa5+ Ke8 24. Rc8+ 1-0

[Event "?"]
[Site "?"]
[Date "????.??.??"]
[Round "?"]
[White "Krainski, Slawomir"]
[Black "Stuhr, Finn"]
[Result "1-0"]
[WhiteElo "2194"]
[BlackElo "1483"]
[Annotator "5-33"]
[PlyCount "53"]

1. e4 e5 2. Nf3 Nc6 3. Nc3 Bc5 4. Nxe5 Bxf2+ 5. Kxf2 Nxe5 6. d4 Qf6+ 7. Kg1 Ng6
8. Bc4 d6 9. Be3 Be6 10. Be2 c6 11. Qd2 h6 12. h4 Nxh4 13. Rf1 Qe7 14. d5 Bd7
15. dxc6 Bxc6 16. Bc4 f5 17. Bf2 Nxg2 18. Kxg2 Bxe4+ 19. Kg1 Bxh1 20. Kxh1
O-O-O 21. Re1 Qc7 22. Be6+ Kb8 23. Bxa7+ Ka8 24. Qd4 Ne7 25. Bb6 Qc6+ 26. Nd5
Rde8 27. Qb4 1-0

[Event "?"]
[Site "?"]
[Date "????.??.??"]
[Round "?"]
[White "Koopmeiners, Karl"]
[Black "Zilka, Jozef"]
[Result "1-0"]
[WhiteElo "1955"]
[BlackElo "1458"]
[Annotator "5-37"]
[PlyCount "77"]

1. d4 d5 2. c4 e6 3. Nc3 Nf6 4. cxd5 exd5 5. Bg5 Be7 6. Qc2 O-O 7. e3 Ne4 8.
Bxe7 Qxe7 9. Nxd5 Qh4 10. Nf3 Qg4 11. h3 Qd7 12. Nxc7 Nf6 13. Nxa8 Nc6 14. a3
Qd6 15. Bd3 h6 16. Rc1 Be6 17. Nc7 Qxc7 18. O-O a6 19. e4 Bd7 20. Rfd1 Qb6 21.
d5 Nd4 22. Nxd4 Qxd4 23. Bxa6 Qe5 24. Bxb7 Nxe4 25. Re1 Bf5 26. d6 Nxd6 27.
Rxe5 Bxc2 28. Rxc2 Nxb7 29. Re7 Nd6 30. Rcc7 Nf5 31. Red7 g6 32. b4 Kg7 33. b5
Rb8 34. a4 Kf6 35. Rc6+ Kg7 36. b6 Kf8 37. b7 Ne7 38. Rcc7 Re8 39. Rxe7 1-0

[Event "?"]
[Site "?"]
[Date "????.??.??"]
[Round "?"]
[White "Nielsen, Rene Ole"]
[Black "Gooris, Jan"]
[Result "1-0"]
[WhiteElo "2202"]
[BlackElo "2113"]
[Annotator "5-06"]
[PlyCount "67"]

1. e4 d6 2. d4 g6 3. c3 Bg7 4. Bd3 Nf6 5. Nf3 O-O 6. h3 Nbd7 7. O-O e5 8. Be3
Re8 9. Nbd2 b6 10. b4 Bb7 11. d5 c6 12. dxc6 Bxc6 13. c4 Nh5 14. Qb3 Nf4 15.
Rad1 g5 16. Bxf4 exf4 17. Rfe1 Rc8 18. Bc2 b5 19. cxb5 Bxb5 20. a4 Rc3 21. Qa2
Ba6 22. b5 Bb7 23. Nc4 Re6 24. Nxd6 Rxd6 25. Rxd6 Qc7 26. Rd2 Bc8 27. Red1 Bf6
28. Bb3 Nc5 29. Bd5 Bxh3 30. gxh3 Rxf3 31. e5 Rxh3 32. exf6 h5 33. Bxf7+ Kh7
34. Qc2+ 1-0

[Event "?"]
[Site "?"]
[Date "????.??.??"]
[Round "?"]
[White "Shea, Joseph"]
[Black "Khalil, Vincent"]
[Result "0-1"]
[WhiteElo "1585"]
[BlackElo "2129"]
[Annotator "5-40"]
[PlyCount "78"]

1. d4 d5 2. c4 c6 3. Nf3 Nf6 4. Nc3 a6 5. e3 b5 6. b3 e6 7. a3 Nbd7 8. Bb2 Bb7
9. c5 Qc7 10. g3 Be7 11. Bg2 O-O 12. Qc2 Rfe8 13. O-O Bf8 14. b4 e5 15. Nxe5
Nxe5 16. dxe5 Ng4 17. Ne2 Nxe5 18. Bxe5 Qxe5 19. Nd4 g6 20. Rad1 Bg7 21. Rfe1
f5 22. f4 Qf6 23. Kf2 Re7 24. Re2 Rae8 25. Rde1 Qf7 26. Qd3 h6 27. h4 Qf6 28.
Bf3 Rf8 29. Rg1 h5 30. Rge1 Kh7 31. Rh1 Kh6 32. Rhe1 Rfe8 33. Bg2 Ra8 34. Ra2
a5 35. Qb3 Qf7 36. Rae2 Qe8 37. Ra2 Bxd4 38. Rae2 Bf6 39. Bf3 Qd7 0-1

[Event "?"]
[Site "?"]
[Date "????.??.??"]
[Round "?"]
[White "Schott, Guido"]
[Black "de Waard, Marco"]
[Result "0-1"]
[WhiteElo "2195"]
[BlackElo "1977"]
[Annotator "5-14"]
[PlyCount "64"]

1. e4 d5 2. exd5 Qxd5 3. Nc3 Qa5 4. d4 c6 5. Bc4 Nf6 6. Nf3 Bg4 7. O-O e6 8.
Re1 Nbd7 9. h3 Bxf3 10. Qxf3 O-O-O 11. Bf4 Nb6 12. Re5 Qb4 13. Bb3 Rxd4 14. Be3
Rd7 15. a3 Qe7 16. Ra5 Qd8 17. Rxa7 Kb8 18. a4 Nc8 19. a5 Bd6 20. Rxb7+ Rxb7
21. a6 Rxb3 22. cxb3 Nd5 23. Qxf7 Qe7 24. a7+ Ka8 25. Qf3 Qb7 26. Bd4 e5 27.
Be3 Rf8 28. Qe4 Nxe3 29. Qxe3 Qb6 30. Qe4 Qxf2+ 31. Kh1 Qxb2 32. Ra2 Rf1+ 0-1

[Event "?"]
[Site "?"]
[Date "????.??.??"]
[Round "?"]
[White "Morrison, Munroe"]
[Black "Bellardi, Michel"]
[Result "0-1"]
[WhiteElo "1720"]
[BlackElo "2063"]
[Annotator "5-35"]
[PlyCount "82"]

1. e4 c5 2. Nf3 e6 3. Nc3 Nc6 4. Bb5 Nge7 5. O-O a6 6. Bxc6 Nxc6 7. d3 Be7 8.
Ne2 d5 9. Ng3 O-O 10. Re1 b5 11. exd5 Qxd5 12. Qe2 Bb7 13. Qe4 Nb4 14. Qxd5
Bxd5 15. Re2 Nxa2 16. Bf4 Nb4 17. Nf5 Bf6 18. Ne3 Bxb2 19. Rb1 Bf6 20. Bd6 Rfc8
21. Bxc5 Nxd3 22. Nxd5 exd5 23. Bd6 Nc5 24. Rd1 Ne4 25. Bb4 Rc4 26. Be1 Rd8 27.
Ba5 Rdc8 28. Rxd5 Nc3 29. Bxc3 Rxc3 30. Rd6 Ra3 31. g3 h6 32. Ne5 Bxe5 33. Rxe5
Rxc2 34. Rd8+ Kh7 35. Re7 Rf3 36. Ree8 Rfxf2 37. Rh8+ Kg6 38. Rd6+ Rf6 39. Rd3
Re6 40. Rd1 Rce2 41. Rd7 Ra2 0-1